00673 2200241 4500001002100000005001700021008004100038020002200079035002400101041000800125043001300133082001000146090002000156100000900176245010700185250001000292260003400302300002400336650001900360700001900379850001200398990002100410YOGYA-0711000000049420110711114149.0 ind  a978-602-978-554-8 0010-071100000000494 aInd aYOPD DIY a641.5 aDEP 641.5 Dew H aDEWI aHimpunan kuliner serba super khas Riau mantap di lidah dan penuh seleracDewi ; editor, Nawang Sawitri aCet 1 aYogyakartabFlash Booksc2011 a59 hlmbilusc24 cm aMasakan - Riau aNawang Sawitri aYOPDYOG aCB-D.11 2011-445